00471nam a2200193Ia 4500003000400000005001700004008004100021020001800062040000700080041000800087082002200095100002500117245004200142250000600184260004200190300001600232365001300248650001600261OSt20230504103848.0210423s2009 xx 000 0 und d a9788120311350 cAL aeng a621.3815 HORM223 aHORENSTEIN (Mark N). aMicroelectronic circuits and devices. a2 aNew DelhibPHI Learning Pvt Ltdc2009 axi,1126bPB b595cINR aElectronics